<?xml version="1.0" encoding="UTF-8"?>
<record
    xmlns:xsi="http://www.w3.org/2001/XMLSchema-instance"
    xsi:schemaLocation="http://www.loc.gov/MARC21/slim http://www.loc.gov/standards/marcxml/schema/MARC21slim.xsd"
    xmlns="http://www.loc.gov/MARC21/slim">

  <leader>01113nam a2200289Ia 4500</leader>
  <controlfield tag="003">OSt</controlfield>
  <controlfield tag="005">20250214121114.0</controlfield>
  <controlfield tag="008">200901s9999||||xx |||||||||||||| ||und||</controlfield>
  <datafield tag="020" ind1=" " ind2=" ">
    <subfield code="a">9579483183</subfield>
  </datafield>
  <datafield tag="020" ind1=" " ind2=" ">
    <subfield code="a">9789579483186</subfield>
  </datafield>
  <datafield tag="040" ind1=" " ind2=" ">
    <subfield code="c">0</subfield>
  </datafield>
  <datafield tag="041" ind1=" " ind2=" ">
    <subfield code="a">chi</subfield>
    <subfield code="h">kor</subfield>
  </datafield>
  <datafield tag="050" ind1=" " ind2=" ">
    <subfield code="a">BR1644.5.K6 </subfield>
    <subfield code="b">.C56 1979</subfield>
  </datafield>
  <datafield tag="100" ind1=" " ind2=" ">
    <subfield code="a">Cho, Paul Yonggi</subfield>
  </datafield>
  <datafield tag="245" ind1=" " ind2="0">
    <subfield code="a">&#x6D3B;&#x5728;&#x795E;&#x8E5F;&#x4E2D;</subfield>
    <subfield code="b"> = Successful living /</subfield>
    <subfield code="c">&#x8D99;&#x93DE;&#x57FA; (Paul Yonggi Cho)&#x8457; ; &#x5ED6;&#x611B;&#x83EF;&#x8B6F;</subfield>
  </datafield>
  <datafield tag="246" ind1=" " ind2=" ">
    <subfield code="a">&#x533B;&#x6CBB;&#x7684;&#x7977;&#x544A;</subfield>
    <subfield code="b">= Successful living/</subfield>
  </datafield>
  <datafield tag="260" ind1=" " ind2=" ">
    <subfield code="a">&#x53F0;&#x5317;:</subfield>
    <subfield code="b">&#x4E2D;&#x570B;&#x5B78;&#x5712;&#x50B3;&#x9053;&#x6703;&#x51FA;&#x7248;&#x793E;,</subfield>
  </datafield>
  <datafield tag="300" ind1=" " ind2=" ">
    <subfield code="a">170 p. :</subfield>
    <subfield code="b">ill. ;</subfield>
    <subfield code="c">21 cm.</subfield>
  </datafield>
  <datafield tag="500" ind1=" " ind2=" ">
    <subfield code="a">Translation of: Successful living.</subfield>
  </datafield>
  <datafield tag="505" ind1=" " ind2=" ">
    <subfield code="a">&#x8D99;&#x7267;&#x5E2B;&#x6240;&#x8B1B;&#x7684;&#x4FE1;&#x606F;&#x80FD;&#x5EFA;&#x7ACB;&#x4EBA;&#x5C0D;&#x795E;&#x7684;&#x4FE1;&#x5FC3;&#xFF0C;&#x800C;&#x4FE1;&#x5FC3;&#x4F7F;&#x6211;&#x5011;&#x80FD;&#x8A0E;&#x795E;&#x559C;&#x6085;&#x3002;&#x6B64;&#x66F8;&#x5167;&#x5BB9;&#x4E0D;&#x4F46;&#x9053;&#x7834;&#x4E86;&#x4E16;&#x4EBA;&#x6BCF;&#x5929;&#x9762;&#x81E8;&#x7684;&#x96E3;&#x984C;&#xFF0C;&#x540C;&#x6642;&#x4E5F;&#x63D0;&#x51FA;&#x89E3;&#x6C7A;&#x4E4B;&#x9053;&#x3002;&#x61C9;&#x7528;&#x6B64;&#x66F8;&#x7684;&#x4FE1;&#x606F;&#x5728;&#x65E5;&#x5E38;&#x751F;&#x6D3B;&#x4E2D;&#xFF0C;&#x4F60;&#x53EF;&#x5929;&#x5929;&#x300C;&#x6D3B;&#x5728;&#x795E;&#x8E5F;&#x4E2D;&#x300D;&#x3002;
</subfield>
  </datafield>
  <datafield tag="650" ind1=" " ind2=" ">
    <subfield code="a">Assemblies of God -- Sermons.</subfield>
  </datafield>
  <datafield tag="650" ind1=" " ind2=" ">
    <subfield code="a">Pentecostalism -- Korea (South).</subfield>
  </datafield>
  <datafield tag="650" ind1=" " ind2=" ">
    <subfield code="a">Sermons, Korean.</subfield>
  </datafield>
  <datafield tag="700" ind1=" " ind2=" ">
    <subfield code="a">&#x5ED6;&#x611B;&#x83EF;</subfield>
  </datafield>
  <datafield tag="700" ind1=" " ind2=" ">
    <subfield code="a">&#x8D99;&#x93DE;&#x57FA;</subfield>
  </datafield>
  <datafield tag="942" ind1=" " ind2=" ">
    <subfield code="2">ddc</subfield>
    <subfield code="c">CB</subfield>
  </datafield>
  <datafield tag="952" ind1=" " ind2=" ">
    <subfield code="0">0</subfield>
    <subfield code="1">0</subfield>
    <subfield code="4">0</subfield>
    <subfield code="7">0</subfield>
    <subfield code="a">GETS</subfield>
    <subfield code="b">GETS</subfield>
    <subfield code="c">GEN</subfield>
    <subfield code="d">2020-08-15</subfield>
    <subfield code="l">0</subfield>
    <subfield code="o">BR1644.5.K6 .C56 1979</subfield>
    <subfield code="p">00002276</subfield>
    <subfield code="r">2020-08-15 00:00:00</subfield>
    <subfield code="w">2020-08-15</subfield>
    <subfield code="y">CB</subfield>
  </datafield>
  <datafield tag="952" ind1=" " ind2=" ">
    <subfield code="0">0</subfield>
    <subfield code="1">0</subfield>
    <subfield code="4">0</subfield>
    <subfield code="7">0</subfield>
    <subfield code="a">GETS</subfield>
    <subfield code="b">GETS</subfield>
    <subfield code="c">GEN</subfield>
    <subfield code="d">2020-09-01</subfield>
    <subfield code="l">0</subfield>
    <subfield code="o">BR1644.5.K6 .C56 1979</subfield>
    <subfield code="p">00014392</subfield>
    <subfield code="r">2020-09-01 00:00:00</subfield>
    <subfield code="t">c. 2</subfield>
    <subfield code="w">2020-09-01</subfield>
    <subfield code="y">CB</subfield>
  </datafield>
  <datafield tag="999" ind1=" " ind2=" ">
    <subfield code="c">11423</subfield>
    <subfield code="d">11423</subfield>
  </datafield>
</record>
